| 000 | 00532cam a2200217ua 4500 | ||
|---|---|---|---|
| 001 | 982 | ||
| 005 | 20260515113243.0 | ||
| 008 | 110425n ii |||gr||||Z||||||eng | ||
| 020 | _a81-87606-47-9 | ||
| 040 | _cMAIN | ||
| 082 | _a323.4 | ||
| 245 | 1 |
_aHuman rights. _cBy Adil-ul-Yasin. |
|
| 250 | _a1st. | ||
| 260 |
_aNew Delhi.: _bAkansha publishing., _c2004. |
||
| 300 |
_a213 p.: _c20 cm. |
||
| 653 | _aPolitical science. | ||
| 653 | _aHuman rights. | ||
| 700 | 1 | _aYasin, Adil-ul., | |
| 700 | 1 | _aUpadhyay, Archana., | |
| 942 | _cBK | ||
| 999 |
_c901 _d901 |
||